Generator Puzzle #40 - Statistics

General Stats
  • This quiz has been taken 733 times
  • The average score is 11 of 21
Answer Stats
Hint Answer % Correct
Pre-meal prayer Grace
83%
Greek island Crete
73%
Drug syndicate Cartel
70%
British nobleman Earl
70%
Army rank General
70%
Hypnotic state Trance
70%
Flower fluid Nectar
69%
Stag's weapon Antler
66%
Breakfast staple Cereal
66%
Everlasting Eternal
66%
Spiritual being Angel
62%
US time zone Central
57%
Jumble, intertwine Tangle
51%
Graceful, chic Elegant
40%
Rocky outcrop Crag
35%
Wide-eyed, watchful Alert
33%
Allow to deteriorate Neglect
30%
9-Letter Word RECTANGLE
27%
Mother-of-pearl Nacre
24%
Red Bordeaux, eg. Claret
22%
Composer Edward Elgar
22%
No matching quizzes found
Score Distribution
Percent of People with Each Score
Percentile by Number Answered
Your Score History
You have not taken this quiz